Diodos y transistores : teoría general

Na minha lista:
Detalhes bibliográficos
Autor principal: Fontaine, Guy
Formato: Livro
Idioma:Spanish
Publicado em: Madrid : Paraninfo, 1961
Colecção:Biblioteca técnica Philips
Assuntos:
Tags: Adicionar Tag
Sem tags, seja o primeiro a adicionar uma tag!

MARC

LEADER 00000nam a2200000Ia 4500
003 000352
005 20221231144009.0
008 140114s1961 sp a 000 ||spa d
040 |c cru CEDI 
082 |a 621.381.522 F678d 
100 |a Fontaine, Guy  |9 19161 
245 |a Diodos y transistores : teoría general 
260 |a Madrid : Paraninfo,  |c 1961 
300 |a vii,469 páginas ; ilustraciones  
440 |a Biblioteca técnica Philips   |9 19144 
650 |x DIODOS   |x TRANSISTORES  |9 18375 
942 |2 ddc  |c BK 
999 |c 15365  |d 15365